Πολιτικές και ρυθμίσεις στο αγροτικό οικιστικό δίκτυο της Λέσβου : πτυχιακή εργασία
Αποθηκεύτηκε σε:
| Κύριος συγγραφέας: | |
|---|---|
| Συγγραφή απο Οργανισμό/Αρχή: | |
| Άλλοι συγγραφείς: | |
| Μορφή: | Thesis Βιβλίο |
| Γλώσσα: | Greek |
| Δημοσίευση: |
1998.
|
| Θέματα: | |
| Ετικέτες: |
Προσθήκη ετικέτας
Δεν υπάρχουν, Καταχωρήστε ετικέτα πρώτοι!
|
MARC
| LEADER | 00000cam a2200000 i 4500 | ||
|---|---|---|---|
| 001 | 1/8976 | ||
| 008 | 000731s1998 gre d | ||
| 035 | |l 10062880 | ||
| 040 | |a GR-MY-UA |b gre |e aacr | ||
| 041 | 0 | |a gre | |
| 082 | 0 | |a 307.12 |2 (22) | |
| 100 | 1 | |a Κογκοπούλου, Ελισάβετ. | |
| 245 | 1 | 0 | |a Πολιτικές και ρυθμίσεις στο αγροτικό οικιστικό δίκτυο της Λέσβου : |b πτυχιακή εργασία / |c Κογκοπούλου Ελισάβετ; Παρίση Εριφίλη ; υπεύθυνος καθηγητής Π. Μ. Δελλαδέτσιμας. |
| 260 | |c 1998. | ||
| 300 | |a 116 σ. : |b χάρτες ; |c 30 εκ. | ||
| 502 | |a Πτυχιακή εργασία - Πανεπιστήμιο Αιγαίου, Λέσβος, 1998. | ||
| 504 | |a Περιέχει βιβλιογραφία. | ||
| 650 | 0 | 0 | |a Rural development |z Greece |z Lesbos (Municipality) |
| 650 | 0 | 0 | |a Rural development |x Government policy. |
| 650 | 0 | 0 | |a Rural development |x Political aspects. |
| 650 | 0 | 0 | |a Land use |x Planning |z Greece |z Lesbos (Municipality) |
| 650 | 0 | 0 | |a Dissertations, Academic |z Greece. |
| 700 | 1 | |a Παρίση, Εριφίλη. | |
| 700 | 1 | |a Δελλαδέτσιμας, Παύλος Μαρίνος Α. |e dgs | |
| 710 | 2 | |a Πανεπιστήμιο Αιγαίου. |b Σχολή Κοινωνικών Επιστημών. |b Τμήμα Γεωγραφίας. | |
| 852 | |a INST |b LESVOS |c DIATR |e 20000731 |h 13 |p 005100025621 |q 005100025621 |t DIE |y 23 | ||
| 852 | |a INST |b LESVOS |c DIATR |e 20000731 |h 14 |p 005100025620 |q 005100025620 |t DIE |y 23 | ||
| 901 | |a BIBL1-2000-2 | ||
| 909 | |a Λ |b 080694 | ||
| 909 | |a Λ |b 080722 | ||
| 924 | |a ΠΑΡΙΣΗ |b ΕΡΙΦΙΛΗ |b ΕΛΙΣΑΒΕΤ |y ΛΕΣΒΟΣ |y ΛΕΣΒΟΣ |z 2000-07 |z 2000-07 | ||
| 924 | |a ΚΟΓΚΟΠΟΥΛΟΥ | ||
| 970 | |a ΚΑΜΑΤΣΟΥ |b ΔΕΣΠΟΙΝΑ |z 2000/07/31 | ||